Sistema de mantenimiento de obras civiles : dirección de producción y transporte de energia Instituto Costarricense de Electricidad

Uloženo v:
Podrobná bibliografie
Hlavní autor: Solano Villaverde, Carlos
Další autoři: Zúñiga Jiménez, José Humberto
Médium: Kniha
Vydáno: San José, Costa Rica 1987
Témata:
Tagy: Přidat tag
Žádné tagy, Buďte první, kdo vytvoří štítek k tomuto záznamu!

MARC

LEADER 00000nam a2200000Ia 4500
003 007215
005 20221231144311.0
008 140114s1987 cr a m 000 ||s d
040 |c cru CEDI 
090 |a TFG 2958 
100 |a Solano Villaverde, Carlos  |9 11549 
245 |a Sistema de mantenimiento de obras civiles : dirección de producción y transporte de energia Instituto Costarricense de Electricidad  
260 |c 1987  |a San José, Costa Rica 
300 |a  78 [56] hojas ; 28 cm.  
500 |a  Proyecto de graduacion (bachiller en ingenieria industrial)--Universidad de Costa Rica. Facultad de Ingenieria. Escuela de Ingenieria Industrial 
650 |x INSTITUTO COSTARRICENSE DE ELECTRICIDAD.. DIRECCION DE PRODUCCION Y TRANSPORTE DE ENERGIA  |9 11746 
700 |9 11745  |a Zúñiga Jiménez, José Humberto 
942 |c TFG 
999 |c 19802  |d 19802